000
00290nam a2200145Ia 4500
100
_a
Palanisamy/P.K
650
_a
Physics
942
_c
BK
366
_f
25
245
_a
Applied Physics
260
_b
Sci tech
_c
2008
082
_a
530
_b
PAL
546
_a
ENGLISH
_c
Computers
999
_c
35072
_d
35072